[Event "Main Vogelsberg op 5th"]
[Site "Hanau"]
[Date "2010.04.29"]
[Round "2"]
[White "Willems, Matthias"]
[Black "Guenther, Andreas"]
[Result "0-1"]
[WhiteElo "2073"]
[BlackElo "1817"]
[PlyCount "119"]
[EventDate "2010.04.28"]
[EventType "swiss"]
[EventRounds "7"]
[EventCountry "GER"]
[SourceTitle "CBM 136 Extra"]
[Source "ChessBase"]
[SourceDate "2010.07.02"]
[SourceVersion "2"]
[SourceVersionDate "2010.07.15"]
[SourceQuality "1"]

1. Nf3 Nf6 2. c4 g6 3. g3 Bg7 4. Bg2 0-0 5. 0-0 d6 6. Nc3 a6 7. Rb1 c5 8. b4 Bf5 9. d3 Nfd7 10. Bd2 Nc6 11. bxc5 Nxc5 12. Nh4 Bg4 13. h3 Bc8 14. Na4 Nxa4 15. Qxa4 Qc7 16. Nf3 Bd7 17. Qb3 Rab8 18. Qb6 Qc8 19. Kh2 Nd8 20. Rb3 Ne6 21. Be3 Qc6 22. Rfb1 Rfc8 23. Nd2 Qxb6 24. Rxb6 Nd4 25. Bxd4 Bxd4 26. Rxb7 Rxb7 27. Rxb7 Rd8 28. e3 Bc3 29. Ne4 Be1 30. Kg1 h6 31. Kf1 Ba5 32. Ke2 Kf8 33. Nd2 Bc3 34. Nb1 Ba5 35. Rb3 Bc7 36. Nc3 e6 37. Bb7 a5 38. Nb5 Bxb5 39. cxb5 Rb8 40. Bc6 Ke7 41. a4 Bb6 42. g4 g5 43. Rc3 Rc8 44. Rc1 Kf6 45. Rh1 Kg7 46. Kd2 Rh8 47. h4 f6 48. Bd7 e5 49. hxg5 fxg5 50. Rc1 Bc5 51. Rc4 Kf6 52. d4 exd4 53. exd4 Bb6 54. Rc6 Bxd4 55. Rxd6+ Ke5 56. Rc6 Bxf2 57. Ke2 Bd4 58. Ra6 Rh7 59. Bf5 Ra7 60. Rxh6 0-1

[Event "Main Vogelsberg op 5th"]
[Site "Hanau"]
[Date "2010.04.28"]
[Round "1"]
[White "Guenther, Andreas"]
[Black "Junkers, Guenter"]
[Result "1-0"]
[WhiteElo "1817"]
[BlackElo "684"]
[PlyCount "49"]
[EventDate "2010.04.28"]
[EventType "swiss"]
[EventRounds "7"]
[EventCountry "GER"]
[SourceTitle "CBM 136 Extra"]
[Source "ChessBase"]
[SourceDate "2010.07.02"]
[SourceVersion "2"]
[SourceVersionDate "2010.07.15"]
[SourceQuality "1"]

1. Nf3 d6 2. g3 e5 3. d3 Qf6 4. Bg2 Nd7 5. 0-0 Nc5 6. e4 Be6 7. c3 d5 8. b4 dxe4 9. bxc5 exf3 10. Bxf3 c6 11. Be3 Bd5 12. Nd2 Qe6 13. Re1 Nf6 14. Bf4 Nd7 15. d4 Bxa2 16. Bxe5 Be7 17. Bxg7 Qg6 18. Bxh8 Be6 19. Be5 Bf5 20. Bd6 0-0-0 21. Rxe7 b6 22. Rxa7 bxc5 23. Rc7+ Kb8 24. Qb3+ Ka8 25. Bxc6# 1-0

[Event "Hessen-ch Gr-C 64th"]
[Site "Bad Vilbel"]
[Date "2010.04.03"]
[Round "6"]
[White "Baskin, Robert"]
[Black "Guenther, Andreas"]
[Result "1-0"]
[WhiteElo "1828"]
[BlackElo "1802"]
[PlyCount "69"]
[EventDate "2010.03.31"]
[EventType "swiss"]
[EventRounds "7"]
[EventCountry "GER"]
[SourceTitle "EXT 2011"]
[Source "ChessBase"]
[SourceDate "2010.11.26"]
[SourceVersion "1"]
[SourceVersionDate "2010.11.26"]
[SourceQuality "1"]

1. e4 c5 2. Nf3 d6 3. d4 cxd4 4. Nxd4 Nf6 5. Nc3 a6 6. a4 b6 7. Bc4 e6 8. 0-0 Qc7 9. Qe2 Be7 10. f4 Nc6 11. Nf3 Bb7 12. Kh1 Nb4 13. Bd3 Nxd3 14. cxd3 d5 15. e5 Nd7 16. Be3 Nc5 17. Rac1 Rc8 18. b4 Nd7 19. Nxd5 Qd8 20. Nxe7 Qxe7 21. Rxc8+ Bxc8 22. Rc1 0-0 23. Qd2 Qd8 24. Qc3 Bb7 25. Qc7 Bd5 26. Qxd8 Rxd8 27. Nd4 Kf8 28. Rc7 Nb8 29. Ne2 Nd7 30. Ra7 Rc8 31. Rxd7 Rc2 32. Nd4 Bxg2+ 33. Kg1 Rb2 34. b5 Ke8 35. Rd6 1-0